Idea de la historia
Kaydedildi:
| Yazar: | |
|---|---|
| Materyal Türü: | Kitap |
| Dil: | İspanyolca |
| Baskı/Yayın Bilgisi: |
Ciudad de México
Fondo de Cultura Económica
1965
|
| Edisyon: | 2a. ed |
| Konular: | |
| Etiketler: |
Etiketle
Etiket eklenmemiş, İlk siz ekleyin!
|
MARC
| LEADER | 00000nam a2200000 a 4500 | ||
|---|---|---|---|
| 001 | UCX3359 | ||
| 003 | CL-VaPUC | ||
| 008 | 911030e19650000MX |||||||||||||||||spa|d | ||
| 082 | 0 | 4 | |a 901 |b COL |2 21 |
| 100 | 0 | |a Collingwood, Robin George |e author |9 319519 | |
| 245 | 1 | 0 | |a Idea de la historia |
| 250 | |a 2a. ed | ||
| 300 | |a 323 p | ||
| 942 | |c BK | ||
| 945 | |d 19911030 00:00:00 |a oaravena | ||
| 260 | |a Ciudad de México |b Fondo de Cultura Económica |c 1965 | ||
| 650 | 0 | |a Filosofía de la historia |9 265651 | |
| 650 | 0 | |a Historiografía |9 257871 | |
| 583 | |a last modification |c 20120417 04:17:32 |k Rodrigo Vera | ||
| 999 | |c 224149 |d 224147 | ||
| 952 | |0 0 |1 0 |4 0 |6 901_000000000000000_COL_1965 |7 0 |8 A |9 220583 |a BIBHIS |b BIBHIS |d 2019-11-15 |i 2892871 |o 901 COL 1965 |p 2892871 |r 2025-01-20 |w 2019-11-15 |y BK |k HIS | ||
| 952 | |0 0 |1 0 |4 0 |6 901_000000000000000_COL_1965 |7 0 |8 A |9 220584 |a BIBHIS |b BIBHIS |d 2019-11-15 |i 289288K |o 901 COL 1965 |p 289288K |r 2025-01-20 |w 2019-11-15 |y BK |k HIS | ||
| 952 | |0 0 |1 0 |4 0 |6 901_000000000000000_COL_1965 |7 0 |8 A |9 220585 |a BIBHIS |b BIBHIS |d 2019-11-15 |i 2892898 |o 901 COL 1965 |p 2892898 |r 2025-01-20 |w 2019-11-15 |y BK |k HIS | ||
| 952 | |0 0 |1 0 |4 0 |6 901_000000000000000_COL_1965 |7 0 |8 A |9 220586 |a BIBHIS |b BIBHIS |d 2019-11-15 |i 2996049 |o 901 COL 1965 |p 2996049 |r 2025-01-20 |w 2019-11-15 |y BK |k HIS | ||
| 952 | |0 0 |1 0 |4 0 |6 901_000000000000000_COL_1965 |7 0 |8 A |9 220588 |a BIBEDU |b BIBEDU |d 2019-11-15 |i 1542311 |o 901 COL 1965 |p 1542311 |r 2019-11-15 |w 2019-11-15 |y BK |k EDU | ||
| 952 | |0 0 |1 0 |4 0 |6 901_000000000000000_COL_1965 |7 0 |8 A |9 220589 |a BIBHIS |b BIBHIS |d 2019-11-15 |i 3361853 |o 901 COL 1965 |p 3361853 |r 2025-01-20 |w 2019-11-15 |y BK |k HIS | ||
| 952 | |0 0 |1 0 |4 0 |6 901_000000000000000_COL_1965 |7 0 |8 A |9 220590 |a BIBHIS |b BIBHIS |d 2019-11-15 |i 3361861 |o 901 COL 1965 |p 3361861 |r 2025-01-20 |w 2019-11-15 |y BK |k HIS | ||
| 952 | |0 0 |1 0 |4 0 |6 901_000000000000000_COL_1965 |7 0 |8 A |9 220591 |a BIBHIS |b BIBHIS |d 2019-11-15 |i 3476804 |o 901 COL 1965 |p 3476804 |r 2025-01-20 |w 2019-11-15 |y BK |k HIS | ||
| 952 | |0 0 |1 0 |4 0 |6 901_000000000000000_COL_1965 |7 0 |8 A |9 220592 |a BIBHIS |b BIBHIS |d 2019-11-15 |i 1367242 |o 901 COL 1965 |p 1367242 |r 2025-01-20 |w 2019-11-15 |y BK |k HIS | ||
| 952 | |0 0 |1 0 |4 0 |6 901_000000000000000_COL_1965 |7 0 |8 A |9 220593 |a BIBHIS |b BIBHIS |d 2019-11-15 |i 1367250 |o 901 COL 1965 |p 1367250 |r 2025-01-20 |w 2019-11-15 |y BK |k HIS | ||